000 00661nam a2200253Ia 4500
003 OSt
005 20220924123117.0
006 a|||||r|||| 00| 0
007 ta
008 220923b |||||||| |||| 00| 0 urd d
020 _c50
024 _a321124
037 _cTextual
040 _aARTS
_cARTS
_burd
041 _2urd
_aurd
082 _aQ7xN03,6, 168M3
100 _aQutub Syed Tr.
_9191702
245 0 _aNishanat-e-raah
260 _aMansahra
_bManshoorat Islami Pakistan
_c1983
300 _a288p.
_ccm.
650 _aISLAM
_9577
942 _hQ7xN03,6, 168M3
_cTEXL
_2CC
999 _c414361
_d414361